Movies Quiz

Random Movies or Famous Quiz

Honorary Oscar Recipients Quiz Stats

 Plays Quiz Updated Feb 1, 2017

Support Sporcle.
Go Orange.
Score 0/22 Timer 06:00
2 Plays Today
% Correct
Walt Disney
97.7%
Robert Redford
73%
Gene Kelly
72.1%
Laurence Olivier
68%
Shirley Temple
62.6%
Ennio Morricone
46.9%
Chuck Jones
45.1%
Greta Garbo
44.7%
Lauren Bacall
41.2%
Bob Hope
40%
Sophia Loren
37.7%
% Correct
Judy Garland
36.2%
Harold Russell
35.3%
D. W. Griffith
35.3%
Peter O'Toole
33.2%
Cecil B. DeMille
32.8%
Margaret O'Brien
32%
Mickey Rooney
30.8%
Charlie Chaplin
30.8%
Yakima Canutt
30.2%
Akira Kurosawa
26.6%
Edward G. Robinson
20.5%

You're not logged in!

Compare scores with friends on all Sporcle quizzes.
OR
Log In
Forgot?

From the Vault

Bible Pairs

by LTH

Unfortunately Unicorns didn't quite make it.
Remove Ads.
Support Sporcle.
Get the best of Sporcle when you Go Orange. This ad-free experience offers more features, more stats, and more fun while also helping to support Sporcle. Thank you for becoming a member.

Show Comments

Extras

Top Quizzes Today


Score Distribution

Your Account Isn't Verified!

In order to create a playlist on Sporcle, you need to verify the email address you used during registration. Go to your Sporcle Settings to finish the process.

Report this User

Report this user for behavior that violates our Community Guidelines.

Details: